Online
Catalog

Carta compromiso al ciudadano / (Record no. 52384)

MARC details
000 -CABECERA
campo de control de longitud fija 01159nam a2200253 a 4500
003 - IDENTIFICADOR DEL NÚMERO DE CONTROL
campo de control DO-SdBNP
005 - FECHA Y HORA DE LA ÚLTIMA TRANSACCIÓN
campo de control 20220913142019.0
007 - CAMPO FIJO DE DESCRIPCIÓN FÍSICA--INFORMACIÓN GENERAL
campo de control de longitud fija ta
008 - DATOS DE LONGITUD FIJA--INFORMACIÓN GENERAL
campo de control de longitud fija 220830e20152022|||aaobgrz||| 001 0 spa d
040 ## - FUENTE DE LA CATALOGACIÓN
Centro catalogador/agencia de origen DO-SdBNP
Lengua de catalogación spa
Centro/agencia transcriptor BNPHU
082 #4 - NÚMERO DE LA CLASIFICACIÓN DECIMAL DEWEY
Número de edición 22
Número de documento/Ítem R426c
Número de clasificación xxx
110 1# - ENTRADA PRINCIPAL--NOMBRE DE ENTIDAD CORPORATIVA
9 (RLIN) 22040
Nombre de entidad corporativa o nombre de jurisdicción como elemento de entrada República Dominicana.
Unidad subordinada Contraloria General de la República
245 10 - MENCIÓN DE TÍTULO
Título Carta compromiso al ciudadano /
Mención de responsabilidad, etc. Rafael Antonio Germosén Andújar contralor general
260 ## - PUBLICACIÓN, DISTRIBUCIÓN, ETC.
Lugar de publicación, distribución, etc. Santo Domingo . /
Nombre del editor, distribuidor, etc. Contraloría General de la República Dominicana,
Fecha de publicación, distribución, etc. 2015
300 ## - DESCRIPCIÓN FÍSICA
Extensión 39 p. :
Otras características físicas il., fotogr.,
Dimensiones 21 cm.
505 ## - NOTA DE CONTENIDO CON FORMATO
Título 1. Información de carácter general y legal.--
-- 2. Compromisos de calidad ofrecidos.--
-- 3. Quejas, sugerencias y medidas de subsanación.--
-- 4. Información complementaria.--
590 ## - NOTA LOCAL (RLIN)
Nota local Inventariado 2022 / DG
600 ## - PUNTO DE ACCESO ADICIONAL DE MATERIA--NOMBRE DE PERSONA
Nombre de persona Contraloria General de la República Dominicana
Título de la obra Carta de Compromiso al Ciudadano
9 (RLIN) 82290
650 #4 - PUNTO DE ACCESO ADICIONAL DE MATERIA--TÉRMINO DE MATERIA
9 (RLIN) 80902
Término de materia o nombre geográfico como elemento de entrada Servicios públicos
Subdivisión geográfica República Dominicana
700 1# - PUNTO DE ACCESO ADICIONAL--NOMBRE DE PERSONA
9 (RLIN) 78449
Nombre de persona Germosén Andújar, Rafael Antonio
Término indicativo de función/relación Contralor General
710 ## - PUNTO DE ACCESO ADICIONAL--NOMBRE DE ENTIDAD CORPORATIVA
Nombre de entidad corporativa o nombre de jurisdicción como elemento de entrada Contraloría General de la República Dominicana
9 (RLIN) 82358
910 ## - DATOS DE OPCIÓN DEL USUARIO (OCLC)
Datos de opción del usuario DG
942 ## - ELEMENTOS DE PUNTO DE ACCESO ADICIONAL (KOHA)
Fuente del sistema de clasificación o colocación Dewey Decimal Classification
Tipo de ítem Koha Folleto
Holdings
Estado de retiro Estado de pérdida Fuente del sistema de clasificación o colocación Restricciones de uso No para préstamo Código de colección Localización permanente Ubicación/localización actual Ubicación en estantería Fecha de adquisición Total de préstamos Signatura topográfica completa Código de barras Fecha visto por última vez Precio válido a partir de Tipo de ítem Koha
    Dewey Decimal Classification Excluido de préstamo   Patrimonio Dominicano Biblioteca Nacional Pedro Henríquez Ureña Biblioteca Nacional Pedro Henríquez Ureña En catalogación 13.09.2022   BNPHU PD R426c xxx 2022-3923 13.09.2022 13.09.2022 Folleto

Powered by Koha